[Event "Test anti-draw scoring"]
[Site "SchemingMind.com"]
[Date "2014.08.18"]
[Round "-"]
[White "emvarela"]
[Black "Phillip Beckett"]
[Result "1-0"]
[WhiteCountry "ARG"]
[BlackCountry "ENG"]
[WhiteElo "1633"]
[WhiteRD "47"]
[BlackElo "1606"]
[BlackRD "49"]
[GameID "363062"]

1. e4 e5 2. Nf3 Nc6 3. Bb5 a6 4. Bxc6 dxc6 5. O-O Qd6 6. d4 exd4 7. Qxd4 Qxd4 8. Nxd4 Bd7 9. c4 O-O-O 10. Be3 f6
11. Nc3 Ne7 12. Rad1 Ng6 13. a3 c5 14. Nf5 Bxf5 15. Rxd8+ Kxd8 16. exf5 Ne5 17. Rd1+ Kc8 18. Nd5 Bd6 19. b3 Rd8 20. h3 b6
21. Nf4 Nd7 22. Ne6 Rg8 23. f4 Nf8 24. Nxf8 Rxf8 25. Kf2 Re8 26. g4 Re4 27. Kf3 Re8 28. Rd3 Bf8 29. g5 Be7 30. h4 Rd8
31. Rxd8+ Kxd8 32. Bd2 Bd6 33. h5 Ke7 34. Bc3 Kf7 35. g6+ hxg6 36. fxg6+ Kf8 37. f5 b5 38. a4 bxa4 39. bxa4 c6 40. Bd2 Be5
41. h6 gxh6 42. Bxh6+ Kg8 43. Bf4 Bb2 44. Be3 Bd4 45. Bxd4 cxd4 46. c5
1-0

[Event "Test anti-draw scoring"]
[Site "SchemingMind.com"]
[Date "2014.08.19"]
[Round "-"]
[White "SAMAEL"]
[Black "emvarela"]
[Result "0-1"]
[WhiteCountry "CAN"]
[BlackCountry "ARG"]
[WhiteElo "1548"]
[WhiteRD "46"]
[BlackElo "1686"]
[BlackRD "48"]
[GameID "363167"]

1. e4 e5 2. Nf3 Nc6 3. Be2 Nf6 4. d3 d5 5. exd5 Qxd5 6. Bd2 Nd4 7. Nc3 Qc6 8. Nxe5 Qxg2 9. Bf3 Nxf3+ 10. Qxf3 Qxf3
11. Nxf3 Bd6 12. h3 O-O 13. O-O-O Bd7 14. Ng5 Bc6 15. Rhg1 Rfe8 16. Rde1 Rxe1+ 17. Rxe1 Re8 18. Rxe8+ Nxe8 19. Nge4 Bxe4 20. Nxe4 b6
21. d4 f5 22. Ng5 h6 23. Nf3 c5 24. c3 cxd4 25. Nxd4 f4 26. f3 g5 27. b4 Nc7 28. Kc2 Kf7 29. Kd3 Ne6 30. Nxe6 Kxe6
31. Kc4 a6 32. a3 Be5 33. a4 Kd6 34. b5 a5 35. Be1 h5 36. Bf2 Kc7 37. Bd4 Bxd4 38. Kxd4 Kd6 39. c4 Ke6 40. c5 bxc5+
41. Kxc5 g4 42. hxg4 h4 43. b6 Kd7 44. g5 h3 45. b7 Kc7 46. b8=Q+ Kxb8 47. g6 h2 48. g7 h1=Q 49. g8=Q+ Kb7 50. Qd5+ Kc7
51. Qd6+ Kc8 52. Qxf4 Qg1+ 53. Qd4 Qc1+ 54. Kb5 Qb1+ 55. Kxa5 Qf5+ 56. Ka6 Qxf3 57. Qh8+ Kc7 58. Qe5+ Kd7 59. Qb5+ Qc6+ 60. Ka7 Kc7
0-1

[Event "Test anti-draw scoring"]
[Site "SchemingMind.com"]
[Date "2014.08.19"]
[Round "-"]
[White "Phillip Beckett"]
[Black "SAMAEL"]
[Result "1-0"]
[WhiteCountry "ENG"]
[BlackCountry "CAN"]
[WhiteElo "1606"]
[WhiteRD "49"]
[BlackElo "1763"]
[BlackRD "52"]
[GameID "363168"]

1. d4 d5 2. e3 Nf6 3. Bd3 e6 4. Nd2 Nc6 5. c3 a6 6. f4 Be7 7. Ngf3 O-O 8. O-O Bd7 9. Ne5 h6 10. e4 Na7
11. Nxd7 Qxd7 12. e5 Nh7 13. Qc2 f5 14. exf6 Nxf6 15. f5 c6 16. fxe6 Qxe6 17. Nf3 Rae8 18. Bd2 Qd6 19. Rae1 Nb5 20. Ne5 Nd7
21. Bh7+ Kh8 22. Ng6+
1-0

[Event "Test anti-draw scoring"]
[Site "SchemingMind.com"]
[Date "2014.08.20"]
[Round "-"]
[White "ray winteringham"]
[Black "Phillip Beckett"]
[Result "0-1"]
[WhiteCountry "ENG"]
[BlackCountry "ENG"]
[WhiteElo "1516"]
[WhiteRD "51"]
[BlackElo "1531"]
[BlackRD "49"]
[GameID "363346"]

1. d4 e5 2. e4 exd4 3. Qxd4 Nc6 4. Qe3 d6 5. Bb5 Bd7 6. Bc4 Nf6 7. Nc3 Be7 8. Nf3 O-O 9. Bd3 Ne5 10. b3 Nxd3+
11. cxd3 Bc6 12. O-O Qd7 13. Bb2 Ng4 14. Qe1 Bb5 15. Nxb5 Qxb5 16. Qc3 Bf6 17. d4 c5 18. e5 dxe5 19. h3 cxd4 20. Qd2 Nh6
21. Ne1 Nf5 22. Nc2 Nd6 23. f3 Qb6 24. Qd3 e4 25. fxe4 Nxe4 26. Bxd4 Bxd4+ 27. Nxd4 Nc5 28. Qd1 Rad8 29. Kh1 Na6 30. Qg4 Qxd4
31. Qxd4 Rxd4 32. Rfe1 Rfd8 33. Re7 R4d7 34. Rae1 Kf8 35. R7e2 Rd1 36. Re8+ Rxe8 37. Rxd1 f6 38. Kg1 Kf7 39. Kf2 Ke7 40. Re1+ Kd7
41. Rxe8 Kxe8 42. Ke3 Ke7 43. Kd4 Kd6 44. a3 Nc7 45. a4 Ne6+ 46. Ke4 Nc5+
0-1

[Event "Test anti-draw scoring"]
[Site "SchemingMind.com"]
[Date "2014.08.19"]
[Round "-"]
[White "SAMAEL"]
[Black "ray winteringham"]
[Result "1-0"]
[WhiteCountry "CAN"]
[BlackCountry "ENG"]
[WhiteElo "1763"]
[WhiteRD "52"]
[BlackElo "1518"]
[BlackRD "50"]
[GameID "363347"]

1. e4 e5 2. Nf3 f6 3. d3 Bc5 4. Nc3 Ne7 5. Be2 d6 6. Bd2 Be6 7. O-O Nbc6 8. Re1 Qd7 9. Bf1 O-O-O 10. a3 a6
11. Be3 Bxe3 12. Rxe3 Nd4 13. Nd2 Ng6 14. h3 Ne7 15. Nf3 Nec6 16. Na2 Rdf8 17. Nxd4 Nxd4 18. c4 g5 19. f3 c5 20. Nc3 f5
21. Re1 f4 22. Ne2 h5 23. Nxd4 exd4 24. Qd2 Rh6 25. Kf2 b6 26. Ke2 g4 27. hxg4 hxg4 28. Kd1 g3 29. Kc2 Rh5 30. b4 Qa4+
31. Kb2 Rh2 32. Qd1 Qc6 33. Re2 Kc7 34. Rb1 Rfh8 35. Qd2 Rb8 36. Ka1 Rf8 37. Qb2 Ra8 38. Qc1 Rh4 39. Reb2 Rb8 40. Be2 Qa4
41. Ra2 Rbh8 42. Bd1 Qe8 43. Qb2 Qb8 44. bxc5 dxc5 45. a4 Rh2 46. Qc1 Kc6 47. a5 b5 48. Ba4 Qe8 49. cxb5+ Kd6 50. bxa6 Bd7
51. Qxf4+ Qe5 52. Rb6+
1-0

[Event "Test anti-draw scoring"]
[Site "SchemingMind.com"]
[Date "2014.08.25"]
[Round "-"]
[White "emvarela"]
[Black "kenneth m day"]
[Result "1-0"]
[WhiteCountry "ARG"]
[BlackCountry "USA"]
[WhiteElo "1686"]
[WhiteRD "48"]
[BlackElo "1657"]
[BlackRD "51"]
[GameID "363396"]

1. e4 e5 2. Nf3 Nc6 3. Bb5 a6 4. Bxc6 dxc6 5. d4 exd4 6. Qxd4 Bg4 7. Qxd8+ Rxd8 8. Bf4 Bd6 9. Bxd6 cxd6 10. Nbd2 Nf6
11. O-O-O O-O 12. Rhe1 Rfe8 13. h3 Be6 14. b3 b5 15. e5 dxe5 16. Nxe5 Bd5 17. f3 c5 18. c4 bxc4 19. Nexc4 h6 20. Nb6 Bb7
21. Ndc4 Nh5 22. Rxe8+ Rxe8 23. Nd6 Re7 24. Nxb7 Rxb7 25. Nc4 Nf4 26. Rd2 Re7 27. Rd8+ Kh7 28. Rd2 Re1+ 29. Kc2 Ra1 30. Kb2 Rg1
31. Ne3 Kg6 32. Rd6+ Kg5 33. Rxa6 Nxg2 34. Nd5 Ne1 35. f4+ Kf5 36. Ra4 Nd3+ 37. Kc3 Rg3 38. Ne7+ Kf6 39. Nd5+ Kf5 40. Ne7+ Kf6
41. Nd5+ Ke6 42. Nc7+ Kd6 43. Ra7 Nxf4+ 44. Kc4 Nxh3 45. Nb5+ Kc6 46. Rc7+ Kb6 47. a4 Rg4+ 48. Kc3 f5 49. Rf7 f4 50. Nd6 Rg3+
51. Kd2 Kc6 52. Nc4 Rxb3 53. Na5+ Kd5 54. Nxb3 g5 55. Rh7 f3 56. Ke1 g4 57. Rxh6 Nf4 58. a5 Ne6 59. Rxe6 g3 60. a6
1-0

[Event "Test anti-draw scoring"]
[Site "SchemingMind.com"]
[Date "2014.08.20"]
[Round "-"]
[White "kenneth m day"]
[Black "Phillip Beckett"]
[Result "1-0"]
[WhiteCountry "USA"]
[BlackCountry "ENG"]
[WhiteElo "1708"]
[WhiteRD "50"]
[BlackElo "1606"]
[BlackRD "49"]
[GameID "363397"]

1. e4 e5 2. f4 Qh4+ 3. g3 Qe7 4. d3 exf4 5. Bxf4 d5 6. Nc3 dxe4 7. dxe4 Nf6 8. e5 Ng4 9. Nf3 Nc6 10. Nd5 Qd8
11. Qe2 Bb4+ 12. Nxb4 Nxb4 13. Rd1 Qe7 14. Qb5+ c6 15. Qc4 Be6 16. Qc3 Nd5 17. Qd4 O-O 18. h3 Nh6 19. c3 Nxf4 20. gxf4 Rad8
21. Qxa7 Rxd1+ 22. Kxd1 Rd8+ 23. Ke1 Qd7 24. Qd4 Qxd4 25. Nxd4 Bd5 26. Rh2 c5 27. Nb3 Be4 28. Nxc5 Bc6 29. Rd2 Rxd2 30. Kxd2 Nf5
31. b3 Ng3 32. Bd3 Nh5 33. Ke3 f6 34. e6 Kf8 35. Bxh7 Ke7 36. Bg8 g6 37. a4 f5 38. Bf7 Nf6 39. c4 Ne4 40. Nxe4 Bxe4
41. b4 Bc2 42. a5 Bb3 43. Kd4 Bd1 44. Ke5 Bb3 45. Bxg6 Bxc4 46. Bxf5 Be2 47. Bg4
1-0

[Event "Test anti-draw scoring"]
[Site "SchemingMind.com"]
[Date "2014.08.20"]
[Round "-"]
[White "ray winteringham"]
[Black "kenneth m day"]
[Result "1/2-1/2"]
[WhiteCountry "ENG"]
[BlackCountry "USA"]
[WhiteElo "1518"]
[WhiteRD "50"]
[BlackElo "1708"]
[BlackRD "50"]
[GameID "363398"]

1. e4 e5 2. Nf3 d6 3. Bc4 Be7 4. d4 exd4 5. Qxd4 Nf6 6. O-O Nc6 7. Qe3 O-O 8. Nc3 Ng4 9. Qe2 Nge5 10. Be3 Nxc4
11. Qxc4 Be6 12. Qe2 f5 13. a3 fxe4 14. Nxe4 Bf5 15. Ng3 Bg4 16. h3 Bd7 17. c4 Ne5 18. Nxe5 dxe5 19. b4 Bh4 20. c5 Qf6
21. Ne4 Qg6 22. f3 Bxh3 23. Nd2 Bd7 24. Qc4+ Be6 25. Qxh4 Qd3 26. Qe4 Qxe4 27. Nxe4 Rf5 28. f4 exf4 29. Bxf4 Bd5 30. Ng3 Rf7
31. Rad1 c6 32. Bd6 Rxf1+ 33. Rxf1 h6 34. Nf5 Kh7 35. Be5 Re8 36. Bxg7 Rg8 37. Bxh6 Rxg2+ 38. Kh1 Ra2+ 39. Kg1 Rg2+ 40. Kh1 Ra2+
41. Kg1 Rg2+=
1/2-1/2

[Event "Test anti-draw scoring"]
[Site "SchemingMind.com"]
[Date "2014.08.20"]
[Round "-"]
[White "kenneth m day"]
[Black "SAMAEL"]
[Result "0-1"]
[WhiteCountry "USA"]
[BlackCountry "CAN"]
[WhiteElo "1708"]
[WhiteRD "50"]
[BlackElo "1763"]
[BlackRD "52"]
[GameID "363399"]

1. e4 e5 2. f4 d6 3. Nf3 exf4 4. d4 Nf6 5. Nc3 Bd7 6. Bxf4 h6 7. Bc4 Nc6 8. Qd2 a6 9. O-O-O Be7 10. e5 Nh7
11. exd6 Bxd6 12. Rhe1+ Ne7 13. Bxd6 cxd6 14. Qf4 O-O 15. Qxd6 Nf5 16. Qf4 Rc8 17. Bd3 Ne7 18. Qe4 Ng6 19. Ne5 Nf6 20. Qe3 Re8
21. Qg3 Nxe5 22. dxe5 Nh7 23. Re4 Qg5+ 24. Qxg5 Nxg5 25. Re2 Bg4 26. Ree1 Bxd1 27. Kxd1 Rc5 28. h4 Nh7 29. Ne4 Rcxe5 30. Kd2 f5
31. Nd6 Rxe1 32. Nxe8 Rxe8
0-1

[Event "Test anti-draw scoring"]
[Site "SchemingMind.com"]
[Date "2014.08.21"]
[Round "-"]
[White "Scooter"]
[Black "Phillip Beckett"]
[Result "1-0"]
[WhiteCountry "USA"]
[BlackCountry "ENG"]
[WhiteElo "1759"]
[WhiteRD "45"]
[BlackElo "1531"]
[BlackRD "49"]
[GameID "363464"]

1. d4 d5 2. Nf3 Nf6 3. Bf4 e6 4. e3 Bd6 5. Bxd6 Qxd6 6. c3 Nbd7 7. Be2 c5 8. O-O cxd4 9. exd4 Nb6 10. Nbd2 Bd7
11. Ne5 O-O 12. Nb3 Rac8 13. Nc5 Bc6 14. Qb3 Nfd7 15. Nexd7 Nxd7 16. Nxb7 Bxb7 17. Qxb7 Rc7 18. Qb3 Nb6 19. Rac1 Rb8 20. Qc2 Nc4
21. Bxc4 Rxc4 22. Rfe1 Qb6 23. Rb1 Rbc8 24. Qd3 Qa5 25. a3 R4c6 26. Re2 Rb6 27. h3 Rcb8 28. Qg3 Rb3 29. Rc2 Qd8 30. Qf4 Rxa3
31. c4 dxc4 32. Rxc4 Rab3 33. Rc7 Rxb2 34. Qxf7+ Kh8 35. Qxg7#
1-0

[Event "Test anti-draw scoring"]
[Site "SchemingMind.com"]
[Date "2014.08.26"]
[Round "-"]
[White "Scooter"]
[Black "emvarela"]
[Result "1-0"]
[WhiteCountry "USA"]
[BlackCountry "ARG"]
[WhiteElo "1706"]
[WhiteRD "48"]
[BlackElo "1633"]
[BlackRD "47"]
[GameID "363465"]

1. d4 f5 2. Nf3 Nf6 3. Bf4 d6 4. e3 Nc6 5. Bb5 Bd7 6. O-O a6 7. Bxc6 Bxc6 8. Nbd2 h6 9. h3 Qd7 10. c4 d5
11. c5 g5 12. Ne5 Qe6 13. Bg3 O-O-O 14. a4 Nd7 15. Ndf3 Nxe5 16. Nxe5 Bg7 17. b4 Bxe5 18. Bxe5 Rh7 19. Qb3 g4 20. h4 Kd7
21. b5 axb5 22. axb5
1-0

[Event "Test anti-draw scoring"]
[Site "SchemingMind.com"]
[Date "2014.08.21"]
[Round "-"]
[White "Scooter"]
[Black "ray winteringham"]
[Result "1-0"]
[WhiteCountry "USA"]
[BlackCountry "ENG"]
[WhiteElo "1759"]
[WhiteRD "45"]
[BlackElo "1516"]
[BlackRD "51"]
[GameID "363466"]

1. d4 f5 2. Nf3 Nf6 3. Bf4 g6 4. e3 Bg7 5. Bd3 d6 6. h3 Nc6 7. a3 O-O 8. O-O Bd7 9. Nbd2 b6 10. c4 d5
11. cxd5 Nxd5 12. Bh2 e6 13. Rc1 a5 14. Bb5 Na7 15. Bc4 c6 16. Bxd5 cxd5 17. Bc7 Qe8 18. Bxb6 Qb8 19. Bxa7 Rxa7 20. Rc5 Qxb2
21. Qa1 Qb8 22. Qc3 a4 23. Rb1 Qa8 24. Rc7 Re8 25. Qc5 Ra5 26. Qd6 Bb5 27. Ng5 Ra6 28. Rxg7+ Kxg7 29. Qc7+ Kh6 30. Nf7+ Kh5
31. Qf4 h6 32. Qxh6#
1-0

[Event "Test anti-draw scoring"]
[Site "SchemingMind.com"]
[Date "2014.08.21"]
[Round "-"]
[White "Scooter"]
[Black "kenneth m day"]
[Result "0-1"]
[WhiteCountry "USA"]
[BlackCountry "USA"]
[WhiteElo "1706"]
[WhiteRD "48"]
[BlackElo "1708"]
[BlackRD "50"]
[GameID "363467"]

1. d4 g6 2. Nf3 Bg7 3. Bf4 d6 4. e3 Nd7 5. Be2 Ngf6 6. O-O O-O 7. Nbd2 c5 8. c3 cxd4 9. cxd4 Nb6 10. h3 Nbd5
11. Bg3 Bf5 12. a3 Rc8 13. Rc1 Re8 14. Bb5 Bd7 15. Rxc8 Qxc8 16. Bxd7 Qxd7 17. Qb1 Qb5 18. b4 Nb6 19. Rc1 Rc8 20. Rxc8+ Nxc8
21. Qc2 Qc6 22. Qxc6 bxc6 23. Nc4 Ne4 24. Na5 c5 25. bxc5 dxc5 26. dxc5 Nxc5 27. Nc6 Bb2 28. Bb8 a6 29. Nxe7+ Nxe7 30. Bd6 Bxa3
31. Bxe7 a5 32. Nd4 Bb4 33. Nc2 Nd3 34. Bxb4 Nxb4 35. Na3 Kf8 36. Kf1 Ke7 37. Ke2 Ke6 38. Kd2 Kd5 39. Kc3 Kc5 40. g4 f6
41. h4 Nd5+ 42. Kb3 Nb6 43. Kc3 Nd5+= 44. Kb3 Nb6= 45. Kc3 Nd5+ 46. Kd3 Kb4 47. Nc2+ Kb3 48. f3 Nb4+ 49. Nxb4 axb4
0-1

[Event "Test anti-draw scoring"]
[Site "SchemingMind.com"]
[Date "2014.08.21"]
[Round "-"]
[White "SAMAEL"]
[Black "Scooter"]
[Result "0-1"]
[WhiteCountry "CAN"]
[BlackCountry "USA"]
[WhiteElo "1763"]
[WhiteRD "52"]
[BlackElo "1706"]
[BlackRD "48"]
[GameID "363468"]

1. e4 c6 2. c4 d5 3. exd5 cxd5 4. d3 dxc4 5. Qa4+ Bd7 6. Qxc4 e6 7. Nf3 Nf6 8. Nc3 Bd6 9. Be2 O-O 10. O-O Nc6
11. Qb3 Na5 12. Qc2 Rc8 13. Qd1 Bb4 14. Bd2 Nc6 15. a3 Bxc3 16. Bxc3 h6 17. h3 Nd5 18. Bd2 Qf6 19. Rb1 Nf4 20. Bxf4 Qxf4
21. Qd2 Qxd2 22. Nxd2 Nd4 23. Bd1 Bb5 24. Re1 Bxd3 25. Ra1 Nc2 26. Bxc2 Rxc2 27. Red1 Rxb2 28. Nf3 Be2 29. Rd2 Rxd2 30. Nxd2 Rd8
31. Ra2 b5 32. f3 f5 33. Kf2 Bc4 34. Nxc4 bxc4 35. Rc2 Rd4 36. g3 e5 37. Rc3 a5 38. Ke3 g5 39. Ke2 Kf7 40. g4 fxg4
41. hxg4 Kg6 42. a4 h5 43. Ke3 h4 44. Ke2 e4 45. fxe4 Rxe4+ 46. Kf3 Rd4
0-1

[Event "Test anti-draw scoring"]
[Site "SchemingMind.com"]
[Date "2014.08.28"]
[Round "-"]
[White "e7e5"]
[Black "emvarela"]
[Result "0-1"]
[WhiteCountry "POL"]
[BlackCountry "ARG"]
[WhiteElo "1534"]
[WhiteRD "123"]
[BlackElo "1633"]
[BlackRD "47"]
[GameID "363668"]

1. e4 e5 2. Nf3 Nc6 3. Bb5 a6 4. Bxc6 dxc6 5. d3 Bg4 6. h3 Bxf3 7. Qxf3 Nf6 8. Be3 Be7 9. Nc3 Qd7 10. O-O-O O-O-O
11. Ba7 b6 12. Qe3 Bc5 13. Qe2 Kb7 14. Na4 Qd4 15. Nxc5+ Qxc5 16. g3 Kxa7 17. f3 Rd7 18. Rd2 Rhd8 19. c3 g6 20. Rhd1 Qa5
21. a3 c5 22. Qe3 Qa4 23. Rc2 Ne8 24. Qe2 c4 25. d4 exd4 26. Rxd4 Rxd4 27. cxd4 Rxd4 28. Qe3 Rd3 29. Qf4 Qd7 30. Rxc4 Rd1+
31. Kc2 Qd3#
0-1

[Event "Test anti-draw scoring"]
[Site "SchemingMind.com"]
[Date "2014.08.26"]
[Round "-"]
[White "Phillip Beckett"]
[Black "e7e5"]
[Result "1-0"]
[WhiteCountry "ENG"]
[BlackCountry "POL"]
[WhiteElo "1606"]
[WhiteRD "49"]
[BlackElo "1534"]
[BlackRD "123"]
[GameID "363669"]

1. e4 e5 2. Nf3 d6 3. d4 exd4 4. Nxd4 c5 5. Nf3 Nf6 6. e5 Qe7 7. Qe2 dxe5 8. Qxe5 Qxe5+ 9. Nxe5 Bd6 10. Bb5+ Bd7
11. Nxd7 Nbxd7 12. O-O a6 13. Bd3 O-O 14. Bg5 Ne5 15. Bxf6 gxf6 16. Be4 Rab8 17. Nc3 Be7 18. Rad1 Rfd8 19. Rxd8+ Rxd8 20. Rd1 b5
21. Rxd8+ Bxd8 22. Nd5 c4 23. f4 Ng6 24. g3 Ba5 25. c3 Bd8 26. Nb4 a5 27. Nc6 Bb6+ 28. Kg2 a4 29. Kf3 Bg1 30. h3 Kg7
31. Na5 Ne7 32. Nb7 f5 33. Bc2 Nd5 34. Nd6 Ne3 35. Nxf5+ Nxf5 36. Bxf5 f6 37. Bd7 b4 38. Bxa4 Bc5 39. Bb5 b3 40. axb3 cxb3
41. Bc4 f5 42. Bxb3 Kf6 43. Bg8 h6 44. b4 Bd6 45. b5 Ke7 46. g4 fxg4+ 47. Kxg4 Kf6 48. f5 Be5 49. c4 Bd4 50. Be6 Be3
51. Kf3 Bc5 52. Ke4 h5 53. Kd5 Bf2 54. c5 h4 55. b6 Ke7 56. b7
1-0

[Event "Test anti-draw scoring"]
[Site "SchemingMind.com"]
[Date "2014.08.27"]
[Round "-"]
[White "e7e5"]
[Black "Scooter"]
[Result "0-1"]
[WhiteCountry "POL"]
[BlackCountry "USA"]
[WhiteElo "1154"]
[WhiteRD "211"]
[BlackElo "1759"]
[BlackRD "45"]
[GameID "363670"]

1. e4 c6 2. d4 d5 3. exd5 cxd5 4. Nf3 Nf6 5. Be2 Bg4 6. Nc3 a6 7. h3 Bxf3 8. Bxf3 e6 9. O-O Be7 10. a3 O-O
11. Be3 b5 12. Ne2 h6 13. Qd2 Nc6 14. c3 a5 15. Bxh6 gxh6 16. Qxh6 Nh7 17. Ng3 Bg5 18. Qh5 Bh4 19. Qg4+ Qg5 20. Qxg5+ Nxg5
21. Be2 Rab8 22. Nh5 Ne4 23. f3 Ng3 24. Rfe1 Nxh5 25. Red1 Ng3 26. Bd3 b4 27. c4 Nxd4 28. Bh7+ Kxh7 29. Rxd4 Ne2+ 30. Kh1 Nxd4
31. c5 Nb3 32. Rf1 Nxc5 33. f4 bxa3 34. bxa3 Rb3
0-1

[Event "Test anti-draw scoring"]
[Site "SchemingMind.com"]
[Date "2014.08.26"]
[Round "-"]
[White "e7e5"]
[Black "ray winteringham"]
[Result "0-1"]
[WhiteCountry "POL"]
[BlackCountry "ENG"]
[WhiteElo "1154"]
[WhiteRD "211"]
[BlackElo "1516"]
[BlackRD "51"]
[GameID "363671"]

1. e4 e5 2. Nf3 Nc6 3. Bb5 a6 4. Bxc6 bxc6 5. Nxe5 Qe7 6. d4 Bb7 7. Nc3 Nf6 8. Bg5 h6 9. Bh4 c5 10. f3 cxd4
11. Qxd4 g5 12. Nd5 Nxd5 13. Bg3 Nf6 14. O-O-O Bg7 15. Qa4 O-O 16. Nxd7 Nxd7 17. Rxd7 Qe8 18. Rhd1 Qe6 19. Bxc7 Bc6 20. Qd4 Bxd7
21. Qc5 Rac8 22. Qa7 Qc6 23. c3 Rxc7 24. Qd4 Bxd4 25. Rxd4 Qb6
0-1

[Event "Test anti-draw scoring"]
[Site "SchemingMind.com"]
[Date "2014.08.26"]
[Round "-"]
[White "e7e5"]
[Black "kenneth m day"]
[Result "0-1"]
[WhiteCountry "POL"]
[BlackCountry "USA"]
[WhiteElo "1534"]
[WhiteRD "123"]
[BlackElo "1708"]
[BlackRD "50"]
[GameID "363672"]

1. e4 e5 2. Nf3 d6 3. d3 Nf6 4. Bg5 Be7 5. Nc3 h6 6. Bh4 O-O 7. d4 exd4 8. Qxd4 Nc6 9. Qd2 Re8 10. O-O-O Bg4
11. Be2 Qd7 12. Nd5 Nxd5 13. exd5 Ne5 14. Nxe5 dxe5 15. Bxe7 Rxe7 16. Bxg4 Qxg4 17. g3 Rd8 18. Qc3 Rdd7 19. f3 Qg5+ 20. Kb1 Rd6
21. Rhe1 f6 22. f4 Qf5 23. Qd3 e4 24. Qe3 Red7 25. Qxa7 b6 26. Qa4 Rxd5 27. Qb3 Kh7 28. Kc1 R7d6 29. Qe3 Rxd1+ 30. Rxd1 Rxd1+
31. Kxd1 Qd5+ 32. Ke2 f5 33. a3 Qc4+ 34. Kf2 Qxc2+ 35. Ke1 Qb1+ 36. Kf2 Qxb2+ 37. Ke1 Qxh2 38. a4 Qh1+ 39. Ke2 Qh2+ 40. Kd1 Qa2
41. Qd4 c5 42. Qe5 Qxa4+ 43. Kd2 Qd4+ 44. Qxd4 cxd4 45. Kc2 d3+ 46. Kd2 Kg6 47. Kc3 b5
0-1

[Event "Test anti-draw scoring"]
[Site "SchemingMind.com"]
[Date "2014.08.26"]
[Round "-"]
[White "SAMAEL"]
[Black "e7e5"]
[Result "1-0"]
[WhiteCountry "CAN"]
[BlackCountry "POL"]
[WhiteElo "1763"]
[WhiteRD "52"]
[BlackElo "1534"]
[BlackRD "123"]
[GameID "363673"]

1. e4 e5 2. Nf3 d6 3. c4 Bg4 4. Be2 Nf6 5. h3 Bh5 6. Nc3 Bxf3 7. Bxf3 Be7 8. d3 c6 9. a3 h5 10. b4 c5
11. O-O Nc6 12. Bb2 Nd4 13. Be2 a6 14. Re1 Qd7 15. Nd5 Nxd5 16. exd5 Nf5 17. Bxh5 g6 18. Bg4 b6 19. f4 f6 20. fxe5 dxe5
21. Qf3 Bd6 22. Bc3 O-O-O 23. Rf1 Qa4 24. Bxf5+ gxf5 25. Qxf5+ Kb8 26. Qf2 Rdf8 27. Qb2 Qd7 28. Rf3 Rfg8 29. Kf1 f5 30. Bxe5 Rh7
31. Re1 Bxe5 32. Qxe5+ Qc7 33. Qxc7+ Rxc7 34. Rxf5 Rcg7 35. Re2 Kc7 36. Ref2 Kd6 37. g4 Re8 38. Re2 Rh8 39. Re6+ Kd7 40. Rxb6 Rxh3
41. Rb7+
1-0

[Event "Test anti-draw scoring"]
[Site "SchemingMind.com"]
[Date "2014.08.30"]
[Round "-"]
[White "Stephen Woodhouse"]
[Black "e7e5"]
[Result "1-0"]
[WhiteCountry "ENG"]
[BlackCountry "POL"]
[WhiteElo "1835"]
[WhiteRD "49"]
[BlackElo "1154"]
[BlackRD "211"]
[GameID "363857"]

1. e4 e5 2. Nf3 d6 3. d4 exd4 4. Nxd4 c5 5. Bb5+ Bd7 6. Bxd7+ Nxd7 7. Nf5 g6 8. Ne3 Bg7 9. Qxd6 Be5 10. Qd1 Ngf6
11. Nd5 Nxd5 12. Qxd5 b6 13. Nc3 Bxc3+ 14. bxc3 O-O 15. Bb2 Nf6 16. Qxd8 Raxd8 17. f3 Rd7 18. Ke2 Rfd8 19. Rad1 Rxd1 20. Rxd1 Rc8
21. c4 Nh5 22. Rd7 Nf4+ 23. Kf2 f6 24. Bxf6 Rf8 25. Rg7+ Kh8 26. Rxg6+ Rxf6 27. Rxf6
1-0

[Event "Test anti-draw scoring"]
[Site "SchemingMind.com"]
[Date "2014.09.04"]
[Round "-"]
[White "Stephen Woodhouse"]
[Black "emvarela"]
[Result "1-0"]
[WhiteCountry "ENG"]
[BlackCountry "ARG"]
[WhiteElo "1838"]
[WhiteRD "49"]
[BlackElo "1633"]
[BlackRD "47"]
[GameID "363858"]

1. e4 e5 2. Nf3 Nc6 3. d4 exd4 4. Nxd4 Nxd4 5. Qxd4 d6 6. Nc3 Be6 7. Bf4 Qf6 8. Qxf6 Nxf6 9. Bb5+ c6 10. Bd3 Be7
11. O-O-O O-O-O 12. f3 h6 13. g4 g5 14. Bg3 h5 15. h3 h4 16. Bh2 d5 17. exd5 Bxd5 18. Nxd5 Nxd5 19. Bf5+ Rd7 20. Bxd7+ Kxd7
21. c4 Rc8 22. Kb1 Ke8 23. cxd5
1-0

[Event "Test anti-draw scoring"]
[Site "SchemingMind.com"]
[Date "2014.08.30"]
[Round "-"]
[White "Phillip Beckett"]
[Black "Stephen Woodhouse"]
[Result "0-1"]
[WhiteCountry "ENG"]
[BlackCountry "ENG"]
[WhiteElo "1606"]
[WhiteRD "49"]
[BlackElo "1838"]
[BlackRD "49"]
[GameID "363859"]

1. e4 e6 2. d4 d5 3. Nd2 c5 4. exd5 Qxd5 5. Ngf3 cxd4 6. Bc4 Qd6 7. Nb3 Nc6 8. Nfxd4 Nxd4 9. Qxd4 Qxd4 10. Nxd4 a6
11. Be3 Nf6 12. f3 Bd7 13. O-O-O Rc8 14. Bb3 Bc5 15. c3 Ke7 16. Nc2 Rhd8 17. Bxc5+ Rxc5 18. Rhe1 a5 19. Nd4 a4 20. Bc2 a3
21. Nb3 axb2+ 22. Kxb2 Rc7 23. Nd4 Kf8 24. Ne2 Rdc8 25. Bb3 Bc6 26. Rd6 Bd5 27. Bxd5 Nxd5 28. Rc1 Ke7 29. Rxd5 exd5 30. Nd4 g6
31. Re1+ Kf8 32. Re5 Rxc3 33. Rxd5 R3c5 34. Rd7 R8c7 35. Rxc7 Rxc7 36. Kb3 Ke7 37. Kb4 Kf6 38. Kb5 Ke5 39. Nb3 Rc2
0-1

[Event "Test anti-draw scoring"]
[Site "SchemingMind.com"]
[Date "2014.08.30"]
[Round "-"]
[White "Stephen Woodhouse"]
[Black "Scooter"]
[Result "1-0"]
[WhiteCountry "ENG"]
[BlackCountry "USA"]
[WhiteElo "1838"]
[WhiteRD "49"]
[BlackElo "1706"]
[BlackRD "48"]
[GameID "363860"]

1. e4 c6 2. d4 d5 3. exd5 cxd5 4. c4 Nf6 5. Nc3 e6 6. Nf3 g6 7. Bg5 Bg7 8. cxd5 exd5 9. Bb5+ Bd7 10. Qe2+ Qe7
11. Qxe7+ Kxe7 12. Bxd7 Nxd7 13. Nxd5+ Kd6 14. Nxf6 Bxf6 15. Bxf6 Nxf6 16. O-O Rac8 17. Rac1 Nd5 18. Ne5 Rxc1 19. Rxc1 Rf8 20. Kf1 f6
21. Nc4+ Kd7 22. Ne3 Kd6 23. Nxd5 Kxd5 24. Rc7 Re8 25. Rxb7 Kxd4 26. Rxa7 h5 27. Ra3 Rb8 28. Rb3 Rc8 29. a4 g5 30. a5 g4
31. g3 Rc5 32. Ra3 Rb5 33. a6 Rb8 34. a7 Ra8 35. Ke2 Re8+ 36. Kd2 Ra8 37. Ra4+ Kc5 38. Ke3
1-0

[Event "Test anti-draw scoring"]
[Site "SchemingMind.com"]
[Date "2014.08.30"]
[Round "-"]
[White "kenneth m day"]
[Black "Stephen Woodhouse"]
[Result "0-1"]
[WhiteCountry "USA"]
[BlackCountry "ENG"]
[WhiteElo "1708"]
[WhiteRD "50"]
[BlackElo "1838"]
[BlackRD "49"]
[GameID "363861"]

1. e4 e6 2. d4 d5 3. Nc3 Nf6 4. e5 Nfd7 5. Qg4 c5 6. Be3 cxd4 7. Bxd4 Nc6 8. Nf3 a6 9. O-O-O Qc7 10. h4 Nxd4
11. Qxd4 Bc5 12. Qf4 f6 13. Qg4 Nxe5 14. Nxe5 fxe5 15. Qg3 O-O 16. Rd2 Bd7 17. Bd3 Rac8 18. h5 e4 19. Qxc7 Rxc7 20. Bf1 Bxf2
21. g4 Be3 22. Kd1 Bxd2 23. Kxd2 Rf2+ 24. Be2 b5 25. a3 a5 26. Rf1 Rxf1 27. Bxf1 b4 28. axb4 axb4 29. Nd1 e5 30. Ne3 Be6
31. Be2 d4 32. Nd1 e3+ 33. Ke1 Rxc2 34. Bd3 Rc1 35. Be2 Bb3 36. Bf3 d3
0-1

[Event "Test anti-draw scoring"]
[Site "SchemingMind.com"]
[Date "2014.08.30"]
[Round "-"]
[White "Stephen Woodhouse"]
[Black "SAMAEL"]
[Result "1/2-1/2"]
[WhiteCountry "ENG"]
[BlackCountry "CAN"]
[WhiteElo "1838"]
[WhiteRD "49"]
[BlackElo "1763"]
[BlackRD "52"]
[GameID "363862"]

1. e4 e5 2. Nf3 d6 3. d4 exd4 4. Nxd4 Be7 5. Nc3 Bd7 6. Bc4 Nf6 7. O-O O-O 8. Be3 Nc6 9. Qd2 Re8 10. f3 Bf8
11. Nxc6 Bxc6 12. Rad1 Qe7 13. Nd5 Nxd5 14. Bxd5 Bxd5 15. Qxd5 b6 16. Rd3 Qe6 17. Rfd1 Qxd5 18. Rxd5 Re5 19. b3 Rae8 20. c4 f5
21. Rxe5 Rxe5 22. Rd5 Rxd5 23. exd5 Kf7 24. Kf2 Be7 25. Bd4 Bf6 26. Ke3 Bxd4+ 27. Kxd4 Kf6 28. b4 g5 29. c5 h5 30. cxb6 cxb6
31. g3 h4 32. f4 hxg3 33. hxg3 g4 34. Kc4 a6 35. a4 Ke7 36. a5 b5+=
1/2-1/2